000 00588nam a2200217Ia 4500
003 OSt
005 20220928135822.0
006 a|||||r|||| 00| 0
007 ta
008 220927b |||||||| |||| 00| 0 eng d
024 _a5008
037 _cTextual
040 _aSDCL
_cSDCL
_beng
041 _2eng
_aeng
082 _aO-,2:gxjM66, G5
100 _aCraig Hardin Ed.
_9492869
245 0 _aEssays in dramatic literature
_b Parrott presentation volume.
260 _c1935
942 _hO-,2:gxjM66, G5
_cTEXL
_2CC
999 _c808556
_d808556